Kúpele Piešťany bahenné zábaly
Zobrazenie: pohľad na zabalených pacientov ležiacich na lôžkach v popredí 2 osoby aplikujú zábal
| Format: | Postcard |
|---|---|
| Language: | Slovak German French English |
| PhysicalDescription: | 1 pohľadnica čiernobiela 9 x 14 cm |
| Published: |
Prague
JKO
[medzi 1900 a 1964?]
|
| Subjects: |
MARC
| LEADER | 00000nkm a2200000 a 4500 | ||
|---|---|---|---|
| 001 | vtls011606070 | ||
| 003 | SK-MaSNL | ||
| 005 | 20260512124045.0 | ||
| 007 | kp bo | ||
| 008 | 231206q1900 xr g kuslo | ||
| 015 | |a SNBG | ||
| 040 | |a SNK |b slo |c SNK |e AACR2 | ||
| 041 | 0 | |a slo |a ger |a fre |a eng | |
| 043 | |a e-xo--- | ||
| 044 | |a xo |c SK | ||
| 080 | |a 908(437.6) |2 2011 | ||
| 080 | |a (084.121) |2 2011 | ||
| 080 | |a 711.455:615.838 |2 2011 | ||
| 245 | 0 | 0 | |a Kúpele Piešťany |h grafika |b bahenné zábaly |
| 246 | 3 | 1 | |a Bad Pistyan |b Schlammpackung |
| 246 | 3 | 1 | |a Pistany Les Bains |b Applications de la boue |
| 246 | 3 | 1 | |a Bath Pistany |b Mud application |
| 260 | |a Prague |b JKO |c [medzi 1900 a 1964?] | ||
| 300 | |a 1 pohľadnica |b čiernobiela |c 9 x 14 cm | ||
| 520 | 8 | |a Zobrazenie: pohľad na zabalených pacientov ležiacich na lôžkach v popredí 2 osoby aplikujú zábal | |
| 546 | |a Súbežný názov a podnázov v nem., franc., angl. | ||
| 650 | 0 | 7 | |a kúpele |2 SNKPH |9 1139 |
| 651 | 7 | |a Piešťany (Slovensko) |2 SNKPH |9 23981 | |
| 655 | 7 | |a miestne pohľadnice |2 SNKPH |9 70510 | |
| 752 | |a Česko |d Praha | ||
| 958 | |a GC | ||
| 958 | |a GBN | ||
| 958 | |a ONDV | ||
| 999 | |c 849309 |d 851239 | ||
| 952 | |a SNK |b SNK |y PREZ |7 0 |p 17A1241627 |o snkSP 33506 |0 0 |1 0 |4 0 |d 2017-01-24 |f 1 |l 0 |r 2026-02-24 04:37:14 |w 2026-02-24 | ||
| 952 | |a SNK |b SNK |y PREZ |7 0 |p 17A1241607 |o snkSP 33506 D1 |0 0 |1 0 |4 0 |d 2017-01-24 |l 0 |r 2026-02-24 04:37:14 |w 2026-02-24 | ||


